Design and analysis of experiments (Record no. 21574)

000 -LEADER
fixed length control field 00294nam a22001217a 4500
040 ## - CATALOGING SOURCE
Transcribing agency rua
082 ## - DEWEY DECIMAL CLASSIFICATION NUMBER
Classification number 519 JOH 2001 C220 Or.
100 ## - MAIN ENTRY--AUTHOR NAME
Personal name Montgomery, Douglas C.
245 ## - TITLE STATEMENT
Title Design and analysis of experiments
260 ## - PUBLICATION, DISTRIBUTION, ETC. (IMPRINT)
Place of publication phnom penh
Name of publisher rua
Year of publication 2003
300 ## - PHYSICAL DESCRIPTION
Number of Pages xii.680p.
Other physical details ill.
942 ## - ADDED ENTRY ELEMENTS (KOHA)
Koha item type ឯកសារស្រាវជ្រាវ
952 ## - LOCATION AND ITEM INFORMATION (KOHA)
Withdrawn status [LOCAL, KOHA] 0
Holdings
Permanent Location Date acquired Koha item type Lost status Shelving location Barcode Current Location Full call number
Library Block C2023-07-14ឯកសារស្រាវជ្រាវ C220a13519Library Block C519 JOH 2001 C220 Or.
មជ្ឈមណ្ឌលឯការនៃសាកលវិទ្យាល័យភូមិន្ទកសិកម្មចំការដូង

Powered by Koha